|
|
|
|
| LEADER |
01028nam a2200277 a 4500 |
| 001 |
15331106 |
| 008 |
090727s1994 enka b 000 1 eng d |
| 010 |
|
|
|a 2008274362
|
| 020 |
|
|
|a 1853262013
|
| 040 |
|
|
|a DLC
|c DLC
|
| 082 |
0 |
0 |
|a 813/.54
|2 20
|
| 082 |
0 |
4 |
|a 823.8
|2 20
|
| 100 |
1 |
|
|a Grossmith, George,
|d 1847-1912.
|
| 245 |
1 |
4 |
|a The diary of a nobody /
|c George and Weedon Grossmith.
|
| 260 |
|
|
|a Oxford [England] ;
|a New York;
|a London:
|b Oxford University Press;
|b Wordsworth edition ltd.,
|c 1994.
|
| 300 |
|
|
|a [x], 200 p. :
|b ill. ;
|c 19 cm.
|
| 490 |
0 |
|
|a Wordsworth classics.
|
| 541 |
1 |
|
|e 00015864
|
| 650 |
|
0 |
|a Suburban life
|v Fiction.
|
| 650 |
|
0 |
|a Middle class
|v Fiction.
|
| 650 |
|
0 |
|a Men
|z England
|v Fiction.
|
| 651 |
|
0 |
|a England
|v Fiction.
|
| 700 |
1 |
|
|a Grossmith, Weedon,
|d 1852-1919.
|
| 852 |
4 |
|
|a Ayesha Abed Library
|j General Shelf.
|
| 999 |
|
|
|c 3024
|d 3024
|
| 952 |
|
|
|0 0
|1 0
|2 ddc
|4 0
|6 813_540000000000000_GRO_1994
|7 0
|9 8237
|a BRACUL
|b BRACUL
|c GEN
|d 2010-02-17
|l 14
|m 48
|o 813.54 GRO
|p 3010015864
|r 2025-05-21
|s 2024-10-31
|t 1
|w 2010-02-17
|y BK
|